| 000 -LEADER |
| fixed length control field |
01020nam a22001937a 4500 |
| 005 - DATE AND TIME OF LATEST TRANSACTION |
| control field |
20251202110357.0 |
| 008 - FIXED-LENGTH DATA ELEMENTS--GENERAL INFORMATION |
| fixed length control field |
251202b ||||| |||| 00| 0 eng d |
| 020 ## - INTERNATIONAL STANDARD BOOK NUMBER |
| International Standard Book Number |
9780062104960 |
| 040 ## - CATALOGING SOURCE |
| Transcribing agency |
KH8 |
| 082 ## - DEWEY DECIMAL CLASSIFICATION NUMBER |
| Classification number |
813.6 CHA |
| 100 ## - MAIN ENTRY--PERSONAL NAME |
| Personal name |
CHAINANI, SOMAN |
| Relator term |
AUTHOR |
| 245 ## - TITLE STATEMENT |
| Title |
THE LAST EVER AFTER |
| 260 ## - PUBLICATION, DISTRIBUTION, ETC. |
| Place of publication, distribution, etc. |
195 Broadway,New York,NY 10007 |
| Name of publisher, distributor, etc. |
HarperCollins Publishers |
| Date of publication, distribution, etc. |
©2015 |
| 300 ## - PHYSICAL DESCRIPTION |
| Extent |
655 PAGES |
| Other physical details |
b illustration |
| Dimensions |
13 cm x 19 cm |
| 520 ## - SUMMARY, ETC. |
| Summary, etc. |
Former best friends Sophie and Agatha thought their ending was sealed when they went their separate ways, but their storybook is about to be rewritten.and this time theirs isn't the only one. With the girls apart, Evil has taken over and the forces of Good are in deathly peril. Will Agatha and Sophie be able to work together to save them? Will they find their way to being friends again? And will their new ending be the last Ever After they've been searching for? |
| 521 ## - TARGET AUDIENCE NOTE |
| Target audience note |
Year 6 High Readers |
| 650 ## - SUBJECT ADDED ENTRY--TOPICAL TERM |
| Source of heading or term |
Juvenile Literature |
| Topical term or geographic name entry element |
Good and Evil |
| 942 ## - ADDED ENTRY ELEMENTS (KOHA) |
| Source of classification or shelving scheme |
|
| Koha item type |
Books - Fiction |